Score 0/33 Timer 10:00
0 Plays Today
Life Span Doctor % Correct
354 -430 St. Augustine
92.2%
1225-1274 St. Thomas Aquinas
85.8%
1515-1582St. Teresa of Avila
68.6%
ca. 340 -397 St. Ambrose
63.8%
1873-1890St. Therese de Lisieux
62.9%
1567-1622St. Francis de Sales
62.4%
1347-1380St. Catherine of Siena
58%
ca. 540 -604 St. Gregory the Great
53.1%
400-461St. Leo the Great
50.4%
1542-1591St. John of the Cross
50.4%
ca. 347 -420 St. Jerome
50.3%
1033-1109 St. Anselm
44.3%
298-373 St. Athanasius
42.3%
330-379 St. Basil
41.5%
672-735St. Bede the Venerable
38.8%
1221-1274 St. Bonaventure
36.7%
560-636St. Isidore
36%
Life Span Doctor % Correct
347-407 St. John Chrysostom
35.8%
1195-1231St. Anthony of Padua
35.1%
300-367St. Hilary of Poitiers
34.9%
1542-1621St. Robert Bellarmine
32.9%
1090-1153St. Bernard
32%
376-444St. Cyril of Alexandria
30.6%
315-386St. Cyril of Jerusalem
30.4%
1193-1280St. Albertus Magnus
28.8%
1696-1787St. Alphonsus Liguori
26%
1007-1072St. Peter Damian
24.7%
676-749St. John Damascene
24%
1559-1619St. Lawrence of Brindisi
22.8%
306-373St. Ephrem
22.3%
329-389 St. Gregory Nazianzus
21.2%
1521-1597St. Peter Canisius
20.3%
406-450St. Peter Chrysologus
18.9%

You're not logged in!

Compare scores with friends on all Sporcle quizzes.
OR
Log In

Sporcle TV

Today on Sporcle TV


Watch our educational content, quiz creation guides, and fun videos on Sporcle TV.

Show Comments

Extras

Top Quizzes Today


Score Distribution

Paid Content

Your Account Isn't Verified!

In order to create a playlist on Sporcle, you need to verify the email address you used during registration. Go to your Sporcle Settings to finish the process.

Report this User

Report this user for behavior that violates our Community Guidelines.

Details: